000 00322 a2200145 4500
001 60126
082 _a005.43 AIT
090 _c36937
_d36937
100 _aAitkes
245 _aVisual Basic for window
_bVisual Basic
260 _aUSA
_bJohn Wily
300 _a512
500 _aVisual Basic
520 _aVisual Basic
942 _acaenust
_k005.43 AIT
999 _c295199
_d295199